[Event "Yangon schev"]
[Site "Yangon"]
[Date "1999.02.06"]
[Round "7"]
[White "Sunthornpongsathorn, Veraphol"]
[Black "Mas, Hafizulhelmi"]
[Result "1/2-1/2"]
[WhiteElo "2335"]
[BlackElo "2401"]
[PlyCount "25"]
[EventDate "1999.01.??"]
[EventType "schev"]
[EventRounds "14"]
[EventCountry "BUR"]
[SourceTitle "EXT 2000"]
[Source "ChessBase"]
[SourceDate "1999.11.16"]
[SourceVersion "1"]
[SourceVersionDate "1999.11.16"]
[SourceQuality "1"]

1. d4 d6 2. c4 e5 3. dxe5 dxe5 4. Qxd8+ Kxd8 5. Bd2 Be6 6. Bc3 f6 7. Nd2 Nd7 8. 0-0-0 Nh6 9. h3 c6 10. e3 Kc7 11. g4 Ng8 12. Ngf3 Rd8 13. Ne4 1/2-1/2

[Event "Yangon schev"]
[Site "Yangon"]
[Date "1999.02.02"]
[Round "3"]
[White "Sunthornpongsathorn, Veraphol"]
[Black "Aung Aung, Aung Myo Hlaing"]
[Result "1/2-1/2"]
[WhiteElo "2335"]
[BlackElo "2500"]
[PlyCount "86"]
[EventDate "1999.01.??"]
[EventType "schev"]
[EventRounds "14"]
[EventCountry "BUR"]
[SourceTitle "EXT 2000"]
[Source "ChessBase"]
[SourceDate "1999.11.16"]
[SourceVersion "1"]
[SourceVersionDate "1999.11.16"]
[SourceQuality "1"]

1. d4 Nf6 2. c4 c5 3. d5 b5 4. cxb5 a6 5. bxa6 Bxa6 6. Nc3 d6 7. g3 g6 8. Bg2 Bg7 9. Nf3 0-0 10. 0-0 Nbd7 11. Re1 Ra7 12. Qc2 Qa8 13. Nd2 Nb6 14. e4 Ng4 15. Nf3 Nc4 16. Bf4 Rb8 17. b3 Nce5 18. Nxe5 Nxe5 19. Rad1 c4 20. Bxe5 Bxe5 21. f4 Bg7 22. e5 cxb3 23. axb3 Rc7 24. Ra1 Qb7 25. Kh1 Qb6 26. Qa2 Bd3 27. Na4 Qb5 28. Qa3 Rc2 29. Ra2 Rxa2 30. Qxa2 Qxb3 31. Qxb3 Rxb3 32. exd6 exd6 33. Re8+ Bf8 34. Kg1 Bb5 35. Ra8 Ra3 36. Nb6 Rxa8 37. Nxa8 Bg7 38. Bf1 Bd4+ 39. Kg2 Ba4 40. Bc4 Kf8 41. Nc7 Ke7 42. Nb5 Bb2 43. Kf2 Bc2 1/2-1/2

[Event "Olympiad-31"]
[Site "Moscow"]
[Date "1994.12.11"]
[Round "10.3"]
[White "Corbin, Philip"]
[Black "Sunthornpongsathorn, Veraphol"]
[Result "0-1"]
[WhiteElo "2250"]
[BlackElo "2325"]
[PlyCount "98"]
[EventDate "1994.12.01"]
[EventType "team-swiss"]
[EventRounds "14"]
[EventCountry "RUS"]
[SourceTitle "CBM 045"]
[Source "ChessBase"]
[SourceDate "1995.04.01"]
[SourceVersion "1"]
[SourceVersionDate "1995.04.01"]
[SourceQuality "1"]
[WhiteTeam "Barbados"]
[BlackTeam "Thailand"]
[WhiteTeamCountry "BAR"]
[BlackTeamCountry "THA"]

1. e4 c5 2. d4 cxd4 3. c3 dxc3 4. Nxc3 Nc6 5. Nf3 e6 6. Bc4 d6 7. 0-0 Be7 8. Qe2 a6 9. Rd1 Qc7 10. Bf4 Ne5 11. Bxe5 dxe5 12. Rac1 Qb8 13. Bb5+ axb5 14. Nxb5 Kf8 15. Rc7 Nf6 16. Rdc1 Bd7 17. Nxe5 Be8 18. f4 g6 19. Qc4 Bd8 20. Qb4+ Kg7 21. R7c4 Bxb5 22. Qxb5 Qa7+ 23. Kh1 Qb6 24. Rb4 Qxb5 25. Rxb5 b6 26. Rb4 Rxa2 27. h3 Nh5 28. Nd3 Be7 29. Rxb6 Rd8 30. Rc7 Bd6 31. Rc2 Ng3+ 32. Kg1 Ra1+ 33. Kf2 Nxe4+ 34. Ke3 Nf6 35. Rb7 Nd5+ 36. Kf3 Nxf4 37. Nxf4 Rf1+ 38. Ke3 Bxf4+ 39. Ke2 Rdd1 40. b4 Bg3 41. Rc3 Rfe1+ 42. Kf3 Be5 43. Rb3 Rb1 44. Ra3 Bd4 45. b5 Rb2 46. Rd3 e5 47. Ra3 Rf2+ 48. Kg3 Rg1 49. Kh4 Rgxg2 0-1

[Event "Olympiad-30"]
[Site "Manila"]
[Date "1992.06.22"]
[Round "13.4"]
[White "Sunthornpongsathorn, Veraphol"]
[Black "Thomsen, Torbjorn"]
[Result "1-0"]
[WhiteElo "2340"]
[BlackElo "2215"]
[PlyCount "93"]
[EventDate "1992.06.08"]
[EventType "team-swiss"]
[EventRounds "14"]
[EventCountry "PHI"]
[SourceTitle "TD"]
[Source "ChessBase"]
[SourceDate "1994.03.01"]
[SourceVersion "1"]
[SourceVersionDate "1994.03.01"]
[SourceQuality "1"]
[WhiteTeam "Thailand"]
[BlackTeam "Faroe Islands"]
[WhiteTeamCountry "THA"]
[BlackTeamCountry "FAI"]

1. d4 Nf6 2. c4 g6 3. Nc3 Bg7 4. e4 d6 5. f3 0-0 6. Be3 c6 7. Qd2 Re8 8. 0-0-0 a6 9. h4 b5 10. g4 h5 11. e5 dxe5 12. dxe5 Qxd2+ 13. Rxd2 Nfd7 14. gxh5 Nxe5 15. hxg6 fxg6 16. h5 Nxc4 17. Bxc4+ bxc4 18. h6 Bf6 19. Ne4 Nd7 20. Bd4 Bxd4 21. Rxd4 Nf8 22. Nh3 c5 23. Rd5 Bb7 24. Rxc5 Bxe4 25. fxe4 Rac8 26. Re5 Rc6 27. Nf4 Nh7 28. Nd5 e6 29. Rg1 Kf7 30. Rf1+ Kg8 31. Rf6 g5 32. Rg6+ Kf8 33. Nb4 Rb6 34. a3 Re7 35. Rc5 Rd6 36. Rc8+ Re8 37. Rxe8+ Kxe8 38. Rg8+ Kf7 39. Rg7+ Kf6 40. Rxh7 Kg6 41. e5 Rb6 42. Rd7 Rb5 43. h7 Rb8 44. Nxa6 Rh8 45. Nc5 Kf5 46. Rg7 g4 47. Nd7 1-0

[Event "Olympiad-30"]
[Site "Manila"]
[Date "1992.06.21"]
[Round "12.4"]
[White "Mossong, Hubert"]
[Black "Sunthornpongsathorn, Veraphol"]
[Result "1-0"]
[WhiteElo "2265"]
[BlackElo "2340"]
[PlyCount "79"]
[EventDate "1992.06.08"]
[EventType "team-swiss"]
[EventRounds "14"]
[EventCountry "PHI"]
[SourceTitle "TD"]
[Source "ChessBase"]
[SourceDate "1994.03.01"]
[SourceVersion "1"]
[SourceVersionDate "1994.03.01"]
[SourceQuality "1"]
[WhiteTeam "Luxembourg"]
[BlackTeam "Thailand"]
[WhiteTeamCountry "LUX"]
[BlackTeamCountry "THA"]

1. e4 c5 2. Nc3 Nc6 3. f4 e6 4. Nf3 d5 5. Bb5 d4 6. Bxc6+ bxc6 7. Ne2 Nf6 8. d3 Be7 9. 0-0 0-0 10. a3 Qc7 11. Bd2 Bd7 12. Qe1 Be8 13. h3 Nd7 14. g4 f6 15. Kh1 Bd6 16. Rg1 Qd8 17. Qf2 Qe7 18. Rg2 Kh8 19. Rag1 g5 20. h4 gxf4 21. Nxf4 Ne5 22. Qe2 Rc8 23. Nh3 Rc7 24. Bh6 Rg8 25. Nh2 Bf7 26. Rf1 Nd7 27. Qf2 Qe8 28. Nf3 Rg6 29. Bd2 h5 30. g5 f5 31. Nf4 fxe4 32. dxe4 Rg8 33. Nd3 Bg6 34. e5 Bxd3 35. cxd3 Nxe5 36. Nxe5 Bxe5 37. Qe2 Bd6 38. g6 Rf8 39. Qxh5+ Kg8 40. Rf7 1-0

[Event "Olympiad-29"]
[Site "Novi Sad"]
[Date "1990.11.29"]
[Round "11"]
[White "Schepel, Kaarlo"]
[Black "Sunthornpongsathorn, Veraphol"]
[Result "0-1"]
[WhiteElo "2255"]
[BlackElo "2320"]
[PlyCount "66"]
[EventDate "1990.11.17"]
[EventType "team-swiss"]
[EventRounds "14"]
[EventCountry "YUG"]
[SourceTitle "EXT 2019"]
[Source "ChessBase"]
[SourceDate "2018.10.10"]
[SourceVersion "1"]
[SourceVersionDate "2018.10.10"]
[SourceQuality "1"]
[WhiteTeam "Hong Kong"]
[BlackTeam "Thailand"]
[WhiteTeamCountry "HKG"]
[BlackTeamCountry "THA"]

1. e4 c5 2. Nf3 d6 3. d4 cxd4 4. Nxd4 Nf6 5. Nc3 Nc6 6. Bg5 e6 7. Be2 Be7 8. Qd3 a6 9. f4 Qc7 10. 0-0-0 Bd7 11. Qg3 h6 12. Bh4 0-0 13. Nf3 Rac8 14. Bd3 Nb4 15. Rhe1 b5 16. Ne5 dxe5 17. fxe5 Nh5 18. Bxe7 Nxg3 19. Bxb4 Nh5 20. Bd6 Qb7 21. Rf1 g6 22. g4 Ng7 23. Rf3 Bc6 24. a3 Rfd8 25. Rdf1 Rd7 26. Rh3 a5 27. b4 Ne8 28. Bc5 axb4 29. axb4 Qb8 30. Rxh6 Qxe5 31. Kd2 Nd6 32. Re1 Qg5+ 33. Be3 Nc4+ 0-1

[Event "Olympiad-28"]
[Site "Thessaloniki"]
[Date "1988.11.22"]
[Round "9"]
[White "Schepel, Kaarlo"]
[Black "Sunthornpongsathorn, Veraphol"]
[Result "0-1"]
[WhiteElo "2225"]
[BlackElo "2205"]
[PlyCount "72"]
[EventDate "1988.11.13"]
[EventType "team-swiss"]
[EventRounds "14"]
[EventCountry "GRE"]
[SourceTitle "TD"]
[Source "ChessBase"]
[SourceDate "1994.03.01"]
[SourceVersion "1"]
[SourceVersionDate "1994.03.01"]
[SourceQuality "1"]
[WhiteTeam "Hong Kong"]
[BlackTeam "Thailand"]
[WhiteTeamCountry "HKG"]
[BlackTeamCountry "THA"]

1. e4 e6 2. d4 d5 3. Nd2 dxe4 4. Nxe4 Nd7 5. Nf3 Ngf6 6. Neg5 h6 7. Nh3 Be7 8. Bd3 0-0 9. Ne5 c5 10. g4 cxd4 11. Nxd7 Nxd7 12. g5 Nc5 13. gxh6 Nxd3+ 14. Qxd3 g6 15. Rg1 Qa5+ 16. Bd2 Qe5+ 17. Kd1 Qf5 18. Qxd4 e5 19. Qd5 Qh5+ 20. Kc1 Bxh3 21. Qxb7 Bf6 22. Rg3 e4 23. Qxe4 Bf5 24. Qf4 Rac8 25. c3 Kh7 26. Re3 Rfd8 27. h4 Qxh4 28. Qxh4 Bxh4 29. Rf3 Rd7 30. b4 Bf6 31. a4 Rc4 32. Ra2 Rh4 33. Rxf5 gxf5 34. b5 Rh3 35. Kc2 Rf3 36. c4 Rxd2+ 0-1

[Event "Olympiad-27"]
[Site "Dubai"]
[Date "1986.11.28"]
[Round "12"]
[White "Hakki, Imad"]
[Black "Sunthornpongsathorn, Veraphol"]
[Result "1/2-1/2"]
[WhiteElo "2330"]
[BlackElo "2205"]
[PlyCount "90"]
[EventDate "1986.11.15"]
[EventType "team-swiss"]
[EventRounds "14"]
[EventCountry "UAE"]
[SourceTitle "TD"]
[Source "ChessBase"]
[SourceDate "1994.03.01"]
[SourceVersion "1"]
[SourceVersionDate "1994.03.01"]
[SourceQuality "1"]
[WhiteTeam "Syria"]
[BlackTeam "Thailand"]
[WhiteTeamCountry "SYR"]
[BlackTeamCountry "THA"]

1. e4 e5 2. Nf3 Nc6 3. Bb5 a6 4. Ba4 Nf6 5. 0-0 Be7 6. Bxc6 dxc6 7. d3 Nd7 8. Nbd2 f6 9. d4 exd4 10. Nxd4 Ne5 11. Nf5 Bxf5 12. exf5 0-0 13. Ne4 Qd5 14. Qe2 Nf7 15. Ng3 Bd6 16. Rd1 Qa5 17. Bd2 Qb5 18. Qxb5 axb5 19. Ne4 Rfe8 20. f3 Be5 21. c3 b6 22. Re1 Red8 23. a3 Rd5 24. Be3 Bd6 25. Rad1 Re8 26. Nxd6 Nxd6 27. Bf4 Rxe1+ 28. Rxe1 Kf7 29. g4 Rd3 30. Kg2 g5 31. fxg6+ hxg6 32. h4 Nc4 33. Re2 Rd7 34. Kf2 c5 35. Ke1 c6 36. Kf2 Rd1 37. Bc7 Rb1 38. Kg3 Rxb2 39. Rxb2 Nxb2 40. Bxb6 Na4 41. Ba5 b4 42. axb4 c4 43. b5 cxb5 44. Kf4 Nc5 45. Ke3 Ke6 1/2-1/2